| 000 -LEADER |
| fixed length control field |
01676mam a2200421 a 4500 |
| 001 - CONTROL NUMBER |
| control field |
3316031 |
| 003 - CONTROL NUMBER IDENTIFIER |
| control field |
OSt |
| 005 - DATE AND TIME OF LATEST TRANSACTION |
| control field |
20210823164551.0 |
| 006 - FIXED-LENGTH DATA ELEMENTS--ADDITIONAL MATERIAL CHARACTERISTICS |
| fixed length control field |
m d |
| 007 - PHYSICAL DESCRIPTION FIXED FIELD--GENERAL INFORMATION |
| fixed length control field |
cr ||||||||||| |
| 008 - FIXED-LENGTH DATA ELEMENTS--GENERAL INFORMATION |
| fixed length control field |
020813s2002 gw a sb 011 0 eng |
| 020 ## - INTERNATIONAL STANDARD BOOK NUMBER |
| International Standard Book Number |
9783540439608 |
| 035 ## - SYSTEM CONTROL NUMBER |
| System control number |
(OCoLC)ocm50393770 |
| 038 ## - RECORD CONTENT LICENSOR |
| Staff Name |
khadija |
| 040 ## - CATALOGING SOURCE |
| Original cataloging agency |
HNK |
| Transcribing agency |
HNK |
| Modifying agency |
NNC |
| 082 ## - DEWEY DECIMAL CLASSIFICATION NUMBER |
| Classification number |
005.115 |
| Author Mark |
KAK |
| 090 ## - LOCALLY ASSIGNED LC-TYPE CALL NUMBER (OCLC); LOCAL CALL NUMBER (RLIN) |
| Classification number (OCLC) (R) ; Classification number, CALL (RLIN) (NR) |
QA76.63 |
| Local cutter number (OCLC) ; Book number/undivided call number, CALL (RLIN) |
.C64 2002 |
| 100 ## - MAIN ENTRY--PERSONAL NAME |
| Personal name |
Kakas C. Antonis |
| 9 (RLIN) |
81665 |
| 245 00 - TITLE STATEMENT |
| Title |
Computational Logic |
| Remainder of title |
Logic Programming and Beyond : Essays in Honour of Robert A. Kowalski part II / |
| Statement of responsibility, etc. |
Antonis C. Kakas, Fariba Sadri (eds.) |
| 260 ## - PUBLICATION, DISTRIBUTION, ETC. |
| Place of publication, distribution, etc. |
Berlin : |
| -- |
Hong Kong : |
| Name of publisher, distributor, etc. |
Springer-Verlag, |
| Date of publication, distribution, etc. |
c2002. |
| 300 ## - PHYSICAL DESCRIPTION |
| Extent |
2 v. : |
| Other physical details |
ill. ; |
| Dimensions |
24 cm. |
| 490 1# - SERIES STATEMENT |
| Series statement |
Lecture notes iin computer science ; |
| Volume/sequential designation |
2407-2408. |
| Series statement |
Lecture notes in artifical intelligence |
| 504 ## - BIBLIOGRAPHY, ETC. NOTE |
| Bibliography, etc. note |
Includes bibliographical references and index. |
| 533 ## - REPRODUCTION NOTE |
| Type of reproduction |
Electronic reproduction. |
| Place of reproduction |
Berlin : |
| Agency responsible for reproduction |
Springer-Verlag, |
| Date of reproduction |
c2002. |
| Note about reproduction |
System requirements: Adobe Acrobat Reader. |
| -- |
Mode of access: World Wide Web. |
| -- |
Made available through Springer LINK. |
| 563 ## - BINDING INFORMATION |
| Binding note |
paper back |
| 600 10 - SUBJECT ADDED ENTRY--PERSONAL NAME |
| Personal name |
Kowalski, Robert. |
| 9 (RLIN) |
81666 |
| 650 #0 - SUBJECT ADDED ENTRY--TOPICAL TERM |
| Topical term or geographic name entry element |
Logic programming. |
| 9 (RLIN) |
55697 |
| 650 #0 - SUBJECT ADDED ENTRY--TOPICAL TERM |
| Topical term or geographic name entry element |
Automatic theorem proving. |
| 9 (RLIN) |
81667 |
| 650 #0 - SUBJECT ADDED ENTRY--TOPICAL TERM |
| Topical term or geographic name entry element |
Logic programming languages. |
| 9 (RLIN) |
81668 |
| 700 1# - ADDED ENTRY--PERSONAL NAME |
| Personal name |
Kowalski, Robert. |
| 9 (RLIN) |
81666 |
| 700 1# - ADDED ENTRY--PERSONAL NAME |
| Personal name |
Kakas, Antonis C. |
| 9 (RLIN) |
81669 |
| 700 1# - ADDED ENTRY--PERSONAL NAME |
| Personal name |
Sadri, Fariba, |
| Dates associated with a name |
1956- |
| 9 (RLIN) |
81670 |
| 710 2# - ADDED ENTRY--CORPORATE NAME |
| Corporate name or jurisdiction name as entry element |
LINK (Online service) |
| 9 (RLIN) |
81671 |
| 830 #0 - SERIES ADDED ENTRY--UNIFORM TITLE |
| Uniform title |
Lecture notes in computer science ; |
| Volume/sequential designation |
2407-2408. |
| 9 (RLIN) |
26093 |
| 830 #0 - SERIES ADDED ENTRY--UNIFORM TITLE |
| Uniform title |
Lecture notes in computer science. |
| Name of part/section of a work |
Lecture notes in artificial intelligence. |
| 9 (RLIN) |
81672 |
| 942 ## - ADDED ENTRY ELEMENTS (KOHA) |
| Source of classification or shelving scheme |
|
| Koha item type |
Book |